ECOLOGICAL survey of the Balik Pulau & Pantai Acheh mangrove forest

Bibliographic Details
Corporate Author: Malaysia
Other Authors: Mashhor Mansor, Mohd Yunus Zakaria
Format: Book
Published: Pulau Pinang : Universiti Sains Malaysia , 2002
Subjects:

MARC

LEADER 00000cam a2200000 7i4500
001 0000002796
005 20040114.0
090 0 0 |a R577.698095951113   |b ECO 2002 
245 0 0 |a ECOLOGICAL survey of the Balik Pulau & Pantai Acheh mangrove forest   |c edited by Mashhor Mansor, Yunus Zakaria 
260 0 0 |a Pulau Pinang :   |b Universiti Sains Malaysia ,   |c 2002 
300 |a 210 p. :   |b ill. (col.), maps ;   |c 30 cm. 
500 0 0 |a Includes bibliographical references 
650 0 0 |a Mangrove ecology   |z Pulau Pinang 
650 0 0 |a Mangrove   |z Pulau Pinang 
700 0 1 |a Mashhor Mansor 
700 0 1 |a Mohd Yunus Zakaria 
710 1 1 |a Malaysia ,   |c Jabatan Perhutanan Pulau Pinang 
998 |a JPSM 
999 |a 0000005083   |b Monograph   |c Reference   |e Default branch